| 000 | 00387nam a2200145 a 4500 | ||
|---|---|---|---|
| 005 | 20140310183256.0 | ||
| 008 | 041022s19uu xx 00 eng d | ||
| 050 |
_aPR 9619.3 _b.K46 1994 |
||
| 100 | _aKeneally, Thomas | ||
| 245 |
_aSchindler's list/. _cThomas Keneally |
||
| 260 |
_aGreat Britain ; _bHodder, _c1994. |
||
| 300 |
_a429 p. : _c18 cm. |
||
| 942 |
_cBK _2lcc |
||
| 999 |
_c20860 _d20860 |
||